000 00804cam a2200241 4500
001 ABS63553
008 000000n2001 000 0 eng u
035 _a(Sirsi) u111147
245 _aSheds and self-storage supplement
260 _c2001
490 _aProperty Week
_v66(8) 23 February 2001(54) LOAN
520 _aSupplement on the shed and self-storage market. Covers railfreight, the self-storage market in France, brownfield sites, communications technology and distribution trends.
590 _aABS
650 _aSELF-STORAGE
650 _aWAREHOUSES
650 _aINDUSTRIAL MARKET
650 _aDISTRIBUTION MARKET
650 _aFRANCE
650 _aBROWNFIELD SITES
650 _aRAIL FREIGHT
690 _aPROPERTY-COMMERCIAL PROPERTY-COMMERCIAL PROPERTY MARKET
942 _n0
999 _c66218
_d66218